000 00581nam a22002177a 4500
003 UA-OsUOA
001 37057
007 ta
008 20060222b un ||||| |||| 00| 0 ukr d
100 _aСолодкий С.
090 _a32
_bС11
942 _cSA
040 _aUA-OsUOA
_bukr
_cUA-OsUOA
_dUA-OsUOA
245 _aДипломатія затягування. Росія поступилася на переговорах щодо кордону?
300 _aС.3
955 _a0
041 _aukr
080 _a32
773 0 _w37056
650 7 _a32 Політика
_2UDC
999 _c323283
_d323283